000 00363nam a22001217a 4500
999 _c13703
_d13703
082 _a808.84
_bح ج ا
100 _a حجازی، نسیم
245 _aشاہین
_c نسیم حجازی
260 _aلاہور
_bجہانگیر بک ڈپو
_c٢٠٠٥
300 _a٥٢٧ صفحات
650 _aNovel
_aShaheen
_aNaseem Hijazi
_aUrdu Literature
942 _cBK